000 00363 a2200121 4500
001 ART_45067
005 20260410162038.0
008 260409a
245 1 0 _aJóvenes excluidos
100 1 _aSalvia, Agustín
700 1 _aTuñón, Ianina
773 0 _tRevista de estudios regionales y mercado de trabajo
_g- N° 3 (ene./dic. 2007)
_wREV44894
999 _c34640
_d34640